[Event "OLNW 1819 Delmenhorster SK - SK Nordhor"]
[Site "?"]
[Date "2019.02.03"]
[Round "6.2"]
[White "Margraf, Daniel"]
[Black "Elgersma, Simon"]
[Result "1-0"]
[WhiteElo "2252"]
[BlackElo "2195"]
[PlyCount "139"]
[EventDate "2019.??.??"]

1. e4 e6 2. d4 d5 3. Nd2 c5 4. Ngf3 cxd4 5. exd5 Qxd5 6. Bc4 Qd7 7. O-O Nc6 8.
Nb3 a6 9. a4 Qc7 10. Nbxd4 Bd7 11. Re1 Nge7 12. b3 Nxd4 13. Qxd4 Nf5 14. Qg4
O-O-O 15. Bf4 Bd6 16. Bxd6 Nxd6 17. Ne5 Nxc4 18. Nxc4 Bc6 19. Ne5 h5 20. Qe2
Rd4 21. Nc4 Re4 22. Qd2 Rd8 23. Qc3 Rxe1+ 24. Qxe1 Qf4 25. Ne3 h4 26. h3 Qe4
27. b4 f5 28. b5 axb5 29. axb5 Bd5 30. Qc3+ Kd7 31. Qxg7+ Ke8 32. Qg6+ Ke7 33.
Re1 Rf8 34. Qh7+ Ke8 35. Qh5+ Kd7 36. Qd1 Rg8 37. f3 Qxf3 38. Qd2 f4 39. Nxd5
Qxd5 40. Qxd5+ exd5 41. Rf1 Rf8 42. Rf3 Kd6 43. Kf2 Ke5 44. Rc3 Rf7 45. Rc8 d4
46. Kf3 Rg7 47. Rc5+ Kd6 48. Rc8 Ke5 49. Rc5+ Kd6 50. Rh5 Rg3+ 51. Kxf4 Rxg2
52. Ke4 Rxc2 53. Kxd4 Rd2+ 54. Kc4 Rc2+ 55. Kb4 Rb2+ 56. Ka5 Kc7 57. Rh7+ Kb8
58. Rxh4 Ka7 59. Rh6 b6+ 60. Ka4 Kb7 61. Rh7+ Kc8 62. h4 Rg2 63. h5 Rg4+ 64.
Kb3 Rg5 65. Kb4 Rg4+ 66. Kc3 Rg5 67. h6 Rxb5 68. Rg7 Rh5 69. h7 Kb8 70. Rg8+
1-0

[Event "OLNW 1819 Delmenhorster SK - SK Nordhor"]
[Site "?"]
[Date "2019.02.03"]
[Round "6.3"]
[White "Bertholee, Rob"]
[Black "Hoeffer, David"]
[Result "0-1"]
[WhiteElo "2320"]
[BlackElo "2250"]
[PlyCount "116"]
[EventDate "2019.??.??"]

1. e4 e5 2. Nc3 Nf6 3. Nf3 d6 4. d4 exd4 5. Nxd4 Be7 6. Be2 O-O 7. O-O Re8 8.
f4 Bf8 9. Bf3 c5 10. Nde2 Nc6 11. Kh1 Rb8 12. a4 a6 13. b3 Nb4 14. Ng3 g6 15.
Bb2 Bg7 16. Rf2 Qc7 17. Rd2 h5 18. Rxd6 Ng4 19. Bxg4 Bxg4 20. Qd2 Nxc2 21. Rc1
Nd4 22. Rxd4 cxd4 23. Nd5 Qd6 24. Bxd4 Rbc8 25. Rc4 Rc6 26. Bxg7 Kxg7 27. h3
Bd7 28. e5 Qa3 29. Ne4 Qxb3 30. Rb4 Qc2 31. Qd4 Be6 32. Nd6 Rd8 33. Ne7 Rc4 34.
Rxc4 Qxc4 35. Ndf5+ gxf5 36. Qxd8 Qc1+ 37. Kh2 Qxf4+ 38. Kh1 Qxe5 39. Qg8+ Kh6
40. Qf8+ Qg7 41. Qb8 a5 42. Qxb7 Qa1+ 43. Kh2 Qxa4 44. Qb2 Kh7 45. Qb8 Qd4 46.
Qg8+ Kh6 47. Qf8+ Qg7 48. Qb8 Kh7 49. Qf4 Qf6 50. Qd6 a4 51. Nc6 Qc3 52. Nd4
Qe3 53. h4 Qd3 54. Qc5 Qc4 55. Qa7 Bd5 56. Nxf5 Qf4+ 57. g3 Qd2+ 58. Kh3 Qg2#
0-1

[Event "OLNW 1819 Delmenhorster SK - SK Nordhor"]
[Site "?"]
[Date "2019.02.03"]
[Round "6.4"]
[White "Mossakowski, Florian"]
[Black "Plasman, Hans"]
[Result "1/2-1/2"]
[WhiteElo "2282"]
[BlackElo "2118"]
[PlyCount "62"]
[EventDate "2019.??.??"]

1. e4 c5 2. Nf3 Nc6 3. d4 cxd4 4. Nxd4 e5 5. Nb5 d6 6. c4 Be7 7. N1c3 a6 8. Na3
f5 9. exf5 Bxf5 10. Bd3 Be6 11. O-O Nf6 12. Bg5 O-O 13. Nc2 Rc8 14. b3 Qd7 15.
Bxf6 gxf6 16. Be4 Kh8 17. Qd2 Rg8 18. Kh1 f5 19. Bd5 Bg5 20. Qe2 Rg6 21. Rad1
Rcg8 22. Rd3 e4 23. Rh3 Bf6 24. Bxe6 Qxe6 25. Nd5 Be5 26. Qh5 R8g7 27. g3 Rg4
28. Nce3 R4g5 29. Qh6 R5g6 30. Qh5 Rg5 31. Qh6 R5g6 {(=)} 1/2-1/2

[Event "OLNW 1819 Delmenhorster SK - SK Nordhor"]
[Site "?"]
[Date "2019.02.03"]
[Round "6.5"]
[White "Oehne, Timo"]
[Black "Steingraeber, Kai Uwe"]
[Result "1-0"]
[WhiteElo "2089"]
[BlackElo "2030"]
[PlyCount "105"]
[EventDate "2019.??.??"]

1. e4 c6 2. Nc3 d5 3. Nf3 Bg4 4. h3 Bxf3 5. Qxf3 e6 6. d3 Nf6 7. Bg5 Be7 8. Be2
d4 9. Nd1 Nbd7 10. O-O Qa5 11. Qg3 h6 12. Bc1 g5 13. c3 e5 14. cxd4 exd4 15. f4
Bd6 16. Qf2 gxf4 17. Bxf4 Qc7 18. Bxd6 Qxd6 19. Qf4 Qxf4 20. Rxf4 Ke7 21. Nf2
Ne5 22. Rf5 Nfd7 23. Nh1 Rhg8 24. g4 c5 25. Ng3 Rg6 26. Raf1 Rb6 27. Rb1 a5 28.
Nh5 Ng6 29. Rd5 Rd6 30. Rxd6 Kxd6 31. Rf1 Nge5 32. Ng7 Ra6 33. Ne8+ Kc6 34. Rd1
h5 35. gxh5 Ra8 36. Ng7 Rg8 37. h6 Ng6 38. Rf1 Nde5 39. Rf6+ Kc7 40. Kf2 b5 41.
Ke1 Rh8 42. Nf5 Nf4 43. Kd2 Nxh3 44. Nd6 b4 45. Nxf7 Nxf7 46. Rxf7+ Kd6 47.
Rf6+ Ke7 48. Ra6 Ng5 49. Rxa5 Ne6 50. Bg4 Rxh6 51. Bxe6 Rxe6 52. Rxc5 Ra6 53.
Rb5 1-0

[Event "OLNW 1819 Delmenhorster SK - SK Nordhor"]
[Site "?"]
[Date "2019.02.03"]
[Round "6.6"]
[White "Pahl, Erik"]
[Black "Stotyn, Fabian"]
[Result "1/2-1/2"]
[WhiteElo "1997"]
[BlackElo "2212"]
[PlyCount "206"]
[EventDate "2019.??.??"]

1. e4 e6 2. d4 d5 3. Nc3 Nf6 4. e5 Nfd7 5. f4 c5 6. Nf3 Nc6 7. Be3 a6 8. Qd2 b5
9. dxc5 Bxc5 10. Bxc5 Nxc5 11. Nd4 Qb6 12. O-O-O b4 13. Nce2 Ne4 14. Qe3 a5 15.
Qf3 Ba6 16. Nxc6 Bxe2 17. Bxe2 Qxc6 18. Bd3 Nc5 19. f5 O-O-O 20. Kb1 Kb7 21.
Rhf1 Rd7 22. Qe2 Rc7 23. fxe6 fxe6 24. Rf4 Rhc8 25. Bb5 Qb6 26. Ka1 Ka7 27.
Rdf1 Rb8 28. Bd3 Rbb7 29. Rf8 g6 30. h4 Qc6 31. Kb1 Na4 32. Qf2+ Qc5 33. Re8
Qxf2 34. Rxf2 Nc5 35. Be2 Re7 36. Rxe7 Rxe7 37. Bg4 Nd7 38. Re2 Kb6 39. Kc1 Kc5
40. Kd2 Nb6 41. Kd3 Na4 42. b3 Nc3 43. Rf2 d4 44. Rf4 Kd5 45. Rxd4+ Kxe5 46. a3
Nd5 47. Re4+ Kd6 48. axb4 axb4 49. Bf3 Rf7 50. Rc4 Rb7 51. Rc8 Rb6 52. Kd4 e5+
53. Kd3 Nf6 54. Rc4 h6 55. Rc8 g5 56. Rh8 g4 57. Rxh6 Kc5 58. Bd1 Rd6+ 59. Ke2
Kd4 60. Rg6 Ke4 61. h5 Kf5 62. Ke1 Rd4 63. Rh6 Kg5 64. Rg6+ Kf5 65. Rh6 Ne4 66.
Rg6 Ng5 67. Rg8 Nh7 68. Rg7 Nf6 69. h6 Rd8 70. Rb7 Nd5 71. Kf2 Nf6 72. Be2 Rh8
73. Rxb4 Rxh6 74. Bd3+ Ke6 75. c4 Rh1 76. Rb6+ Ke7 77. Bf5 Rh5 78. Rb7+ Kd6 79.
Rb6+ Ke7 80. Bd3 Rh1 81. b4 Rd1 82. Be2 Rd4 83. b5 Ne4+ 84. Ke3 Nd6 85. Rc6
Nf5+ 86. Kf2 g3+ 87. Ke1 Ne3 88. Bf1 Rf4 89. Bd3 Nxg2+ 90. Kd2 Rf2+ 91. Kc3 Nf4
92. Be4 Re2 93. Bh1 Re1 94. Rh6 Rc1+ 95. Kb4 g2 96. Bxg2 Nxg2 97. b6 Kd7 98. c5
Nf4 99. Kb5 Ne6 100. Rh7+ Kc8 101. Rh8+ Nd8 102. b7+ Kxb7 103. Rxd8 Rb1+ {(=)}
1/2-1/2

[Event "OLNW 1819 Delmenhorster SK - SK Nordhor"]
[Site "?"]
[Date "2019.02.03"]
[Round "6.7"]
[White "Hoellmann, Ludger"]
[Black "Pahl, Theis"]
[Result "1-0"]
[WhiteElo "2132"]
[BlackElo "2010"]
[PlyCount "55"]
[EventDate "2019.??.??"]

1. Nf3 c5 2. c4 g6 3. d4 cxd4 4. Nxd4 Bg7 5. e4 Nc6 6. Be3 Nf6 7. Nc3 Ng4 8.
Qxg4 Nxd4 9. Qd1 Ne6 10. Be2 Bxc3+ 11. bxc3 Qa5 12. O-O O-O 13. Qd5 Qxc3 14. c5
f5 15. Rac1 Qg7 16. exf5 Rxf5 17. Qd2 h5 18. Bd3 Rf6 19. f4 Qf8 20. Bxg6 Rxg6
21. f5 Rf6 22. fxe6 dxe6 23. Bd4 Rf5 24. Rxf5 Qxf5 25. Qh6 e5 26. Rf1 exd4 27.
Rxf5 Bxf5 28. Qg5+ 1-0

[Event "OLNW 1819 Delmenhorster SK - SK Nordhor"]
[Site "?"]
[Date "2019.02.03"]
[Round "6.8"]
[White "Monnerjahn, Lukas"]
[Black "Bierenbroodspot, Paul"]
[Result "0-1"]
[WhiteElo "1735"]
[BlackElo "2101"]
[PlyCount "42"]
[EventDate "2019.??.??"]

1. e4 d5 2. exd5 Nf6 3. d4 Bg4 4. Nf3 Qxd5 5. Nc3 Qh5 6. Be2 Nc6 7. Na4 O-O-O
8. c3 e5 9. Be3 Nd5 10. Qc2 exd4 11. Bxd4 Nxd4 12. Nxd4 Bxe2 13. Qxe2 Qxe2+ 14.
Kxe2 a6 15. Nb3 b6 16. g3 h5 17. a3 Rh6 18. Kf3 Rc6 19. Nd4 Rf6+ 20. Kg2 b5 21.
c4 Nf4+ 0-1

[Event "OLNW 1819 Hannover 96 - SK Union Oldenb"]
[Site "?"]
[Date "2019.02.03"]
[Round "6.2"]
[White "Piepho, Niels"]
[Black "Mueer, Sebastian"]
[Result "1-0"]
[WhiteElo "2233"]
[BlackElo "2188"]
[PlyCount "125"]
[EventDate "2019.??.??"]

1. c4 c5 2. Nc3 Nc6 3. g3 g6 4. Bg2 Bg7 5. Nf3 e5 6. O-O Nge7 7. a3 O-O 8. d3
d6 9. Rb1 a5 10. Bd2 Rb8 11. Qc1 Bg4 12. Nb5 Qd7 13. b3 b6 14. Re1 Rfe8 15. Ng5
f5 16. h3 Bh5 17. f4 h6 18. Nf3 Kh7 19. Bc3 Ng8 20. e3 Re7 21. Qd2 Rbe8 22. Ba1
Bf6 23. Nc3 Rg7 24. Nd5 Bd8 25. b4 axb4 26. axb4 Nxb4 27. Nxb4 cxb4 28. fxe5
Bxf3 29. Bxf3 dxe5 30. Rxb4 Nf6 31. Qc2 Bc7 32. Rb5 Rf7 33. Bd5 Rfe7 34. Qg2
Qd6 35. e4 Nd7 36. Rf1 fxe4 37. dxe4 Rf8 38. Bc3 Ree8 39. Rbb1 Nf6 40. Bb4 Qd8
41. Bxf8 Rxf8 42. Ra1 Qd6 43. Kh2 Kg7 44. Ra8 Rxa8 45. Bxa8 Qb4 46. Bd5 Bd6 47.
Ra1 Be7 48. Ra7 g5 49. Qf2 Kh8 50. Rb7 Qc5 51. Kg2 Qxf2+ 52. Kxf2 Bc5+ 53. Kf3
h5 54. Rf7 g4+ 55. Kg2 gxh3+ 56. Kxh3 Ne8 57. Rf5 Bd6 58. Rxh5+ Kg7 59. Rg5+
Kh6 60. Rf5 Kg7 61. Rf7+ Kg6 62. Rd7 Kf6 63. Bf7 1-0

[Event "OLNW 1819 Hannover 96 - SK Union Oldenb"]
[Site "?"]
[Date "2019.02.03"]
[Round "6.3"]
[White "Wittje, Berthold"]
[Black "Schulz, Daniel"]
[Result "1/2-1/2"]
[WhiteElo "2226"]
[BlackElo "2067"]
[PlyCount "141"]
[EventDate "2019.??.??"]

1. Nf3 g6 2. g3 Bg7 3. d4 Nf6 4. c4 c6 5. Nc3 d5 6. cxd5 cxd5 7. Bg2 Nc6 8. Ne5
O-O 9. O-O Ne4 10. Nxc6 bxc6 11. Nxe4 dxe4 12. Bxe4 Bh3 13. Bxc6 Bxf1 14. Bxa8
Bxe2 15. Qxe2 Qxa8 16. Be3 Rd8 17. Rd1 e6 18. Qc4 Qb7 19. b3 Rc8 20. Qa4 h5 21.
d5 exd5 22. Qxa7 Qxa7 23. Bxa7 Ra8 24. Bc5 Rxa2 25. Rxd5 Rb2 26. Rd8+ Kh7 27.
b4 Bc3 28. Rb8 Be5 29. Rb7 Kg7 30. Kg2 Rb3 31. Be3 Bc3 32. b5 Be5 33. b6 Kf6
34. Kf1 Rb2 35. h4 Ke6 36. Ra7 Bd6 37. Kg2 Rb5 38. Kf3 Rb4 39. Ra2 Be5 40. Rd2
Bd6 41. Ke2 Rb5 42. Ra2 Be5 43. Kd3 Bd6 44. Kc4 Rb4+ 45. Kc3 Rb5 46. Ra7 Rb1
47. Ra4 Kd5 48. Ra5+ Ke6 49. Kc2 Rb4 50. Ra2 Be5 51. Ra3 Rb2+ 52. Kd3 Rb4 53.
Ra5 Bd6 54. Bd4 Rb3+ 55. Kc4 Rb4+ 56. Kc3 Rb1 57. Ra2 Kd5 58. Be3 Be5+ 59. Kc2
Rb5 60. Ra8 Rb2+ 61. Kd3 Rb3+ 62. Ke2 Bd6 63. Rd8 Ke6 64. Kd2 Rb5 65. Kc3 Rb1
66. Rc8 Kd5 67. Ra8 Rb5 68. Ra7 Ke6 69. b7 Bb8 70. Ra6+ Kd5 71. Rb6 1/2-1/2

[Event "OLNW 1819 Hannover 96 - SK Union Oldenb"]
[Site "?"]
[Date "2019.02.03"]
[Round "6.4"]
[White "Adibekian, Roubik"]
[Black "Meessen, Max"]
[Result "1/2-1/2"]
[WhiteElo "2194"]
[BlackElo "2206"]
[PlyCount "59"]
[EventDate "2019.??.??"]

1. d4 d5 2. Nf3 Nf6 3. c3 Bf5 4. Nbd2 e6 5. h3 h6 6. e3 c6 7. Ne5 Nbd7 8. Ndf3
Nxe5 9. Nxe5 Bd6 10. Bd3 Bxd3 11. Nxd3 O-O 12. O-O Ne4 13. f4 f5 14. Ne5 Bxe5
15. fxe5 c5 16. Bd2 Qe7 17. Be1 c4 18. Rc1 b5 19. Rc2 Kh7 20. Kh2 Rf7 21. g3 a5
22. a3 Raf8 23. Rg2 g6 24. Qe2 Rg7 25. Rfg1 g5 26. Rf1 g4 27. h4 Qe8 28. Qd1
Rb7 29. Rf4 Rg8 30. Kg1 1/2-1/2

[Event "OLNW 1819 Hannover 96 - SK Union Oldenb"]
[Site "?"]
[Date "2019.02.03"]
[Round "6.5"]
[White "Schuette, Marc"]
[Black "Usachyi, Vladimir"]
[Result "1/2-1/2"]
[WhiteElo "2079"]
[BlackElo "2125"]
[PlyCount "46"]
[EventDate "2019.??.??"]

1. e4 d6 2. d4 c6 3. Bd3 Nd7 4. Nf3 e5 5. c3 Be7 6. Nbd2 Ngf6 7. O-O O-O 8. Re1
Qc7 9. a4 a5 10. Nc4 Re8 11. Bc2 b5 12. Ne3 Nf8 13. dxe5 dxe5 14. axb5 cxb5 15.
Nd5 Qb8 16. Nxe7+ Rxe7 17. Nh4 Bg4 18. f3 Rd7 19. Qe2 Be6 20. Nf5 Bc4 21. Qf2
Ng6 22. g3 Qc7 23. Be3 a4 1/2-1/2

[Event "OLNW 1819 Hannover 96 - SK Union Oldenb"]
[Site "?"]
[Date "2019.02.03"]
[Round "6.8"]
[White "Sanasi, Marcello"]
[Black "Heinemann, Ernst"]
[Result "1/2-1/2"]
[WhiteElo "1619"]
[BlackElo "2072"]
[PlyCount "55"]
[EventDate "2019.??.??"]

1. d4 Nf6 2. Nf3 c5 3. c3 g6 4. g3 Bg7 5. Bg2 O-O 6. O-O d5 7. Bg5 Ne4 8. Be3
c4 9. Nbd2 Nd6 10. Bf4 Nc6 11. Bxd6 Qxd6 12. e4 e6 13. Re1 Bd7 14. Qc2 b5 15.
h4 Rab8 16. a3 Qc7 17. h5 a5 18. hxg6 fxg6 19. exd5 exd5 20. Nh4 Qd6 21. Nf1
Rbe8 22. Ne3 Be6 23. Nf3 Kh8 24. Ng5 Bg8 25. Nh3 Re7 26. Nf4 Rfe8 27. Kf1 Bh6
28. Nfxd5 1/2-1/2

[Event "OLNW 1819 SF Hannover - MTV Tostedt"]
[Site "?"]
[Date "2019.02.03"]
[Round "6.1"]
[White "Bokros, Albert"]
[Black "Ackermann, Dennie"]
[Result "1-0"]
[WhiteElo "2464"]
[BlackElo "2157"]
[PlyCount "61"]
[EventDate "2019.??.??"]

1. e4 c5 2. Nf3 e6 3. d3 b6 4. g3 Bb7 5. Be2 Nc6 6. O-O Be7 7. c3 d5 8. e5 g5
9. Re1 h5 10. Na3 Nh6 11. Qa4 Rc8 12. Nb5 a6 13. Nd6+ Bxd6 14. exd6 b5 15. Qd1
g4 16. Nh4 Kd7 17. a4 Kxd6 18. axb5 axb5 19. Bf4+ Kd7 20. Qd2 Ng8 21. c4 bxc4
22. dxc4 d4 23. b4 Qb6 24. bxc5 Qxc5 25. Rab1 Ba6 26. Ra1 Bb7 27. Reb1 Ba8 28.
Rb5 Qxc4 29. Bf1 Qc3 30. Qa2 d3 31. Rd1 1-0

[Event "OLNW 1819 SF Hannover - MTV Tostedt"]
[Site "?"]
[Date "2019.02.03"]
[Round "6.3"]
[White "Szeberenyi, Adam"]
[Black "Pawelzik, Malte"]
[Result "1-0"]
[WhiteElo "2394"]
[BlackElo "2136"]
[PlyCount "79"]
[EventDate "2019.??.??"]

1. d4 Nf6 2. c4 g6 3. Nc3 d5 4. Nf3 Bg7 5. Bf4 O-O 6. Rc1 dxc4 7. e3 Be6 8. Ng5
Bd5 9. e4 h6 10. exd5 hxg5 11. Bxg5 Nxd5 12. Bxc4 Nb6 13. Bb3 Nc6 14. d5 Nd4
15. O-O Nxb3 16. Qxb3 Bxc3 17. Qxc3 Nxd5 18. Qd4 Qd6 19. Bh6 e5 20. Bxf8 Rxf8
21. Qxa7 Nf4 22. Qe3 Qd5 23. f3 Qxa2 24. g3 Nd5 25. Qxe5 c6 26. Rce1 Qa7+ 27.
Kh1 f6 28. Qe6+ Kg7 29. Qd7+ Rf7 30. Qc8 Qa6 31. Rf2 Rf8 32. Qg4 Qd3 33. f4 Qd4
34. Rfe2 Rf7 35. Re8 Qb4 36. Qc8 Ne7 37. Qe6 Nf5 38. b3 Qc3 39. Kg2 Nd4 40.
Qxf7+ 1-0

[Event "OLNW 1819 SF Hannover - MTV Tostedt"]
[Site "?"]
[Date "2019.02.03"]
[Round "6.4"]
[White "Kaimer, Thomas"]
[Black "Nedic, Dusan"]
[Result "0-1"]
[WhiteElo "2138"]
[BlackElo "2287"]
[PlyCount "67"]
[EventDate "2019.??.??"]

1. e4 e5 2. f4 d5 3. exd5 exf4 4. Nf3 Nf6 5. Bb5+ c6 6. dxc6 Nxc6 7. d4 Bd6 8.
O-O O-O 9. c3 Bg4 10. Bd3 Re8 11. Nbd2 h6 12. Nc4 Bc7 13. Bd2 b5 14. Na3 a6 15.
Nc2 Qd5 16. Qc1 g5 17. Nce1 Ne4 18. Qc2 Bb6 19. h4 Nxd2 20. Qxd2 Re7 21. hxg5
hxg5 22. g3 Re3 23. gxf4 gxf4 24. Qh2 Rxd3 25. Nxd3 Bxf3 26. Nxf4 Qg5+ 27. Kf2
Bg4 28. Rh1 Qg7 29. Rag1 Ne5 30. Qg3 Re8 31. Kf1 f5 32. dxe5 Bxg1 33. Kxg1 Qxe5
34. Rh8+ 0-1

[Event "OLNW 1819 SF Hannover - MTV Tostedt"]
[Site "?"]
[Date "2019.02.03"]
[Round "6.5"]
[White "Hoegy, Kevin"]
[Black "Herrmann, Andreas"]
[Result "1-0"]
[WhiteElo "2275"]
[BlackElo "2149"]
[PlyCount "93"]
[EventDate "2019.??.??"]

1. Nf3 Nf6 2. c4 e6 3. d4 c5 4. d5 d6 5. Nc3 a6 6. e4 e5 7. Be2 Be7 8. h3 Nbd7
9. Be3 Nf8 10. Nd2 Ng6 11. g3 O-O 12. h4 Re8 13. h5 Nf8 14. h6 g6 15. f3 Rb8
16. a4 N6d7 17. Nf1 Nb6 18. Qd2 Na8 19. f4 exf4 20. gxf4 Bf6 21. Ng3 Nc7 22.
Bd3 Bd7 23. O-O b5 24. axb5 axb5 25. e5 bxc4 26. Bxc4 Bh4 27. Nge4 dxe5 28.
Bxc5 Bh3 29. fxe5 Rxe5 30. Bd4 Nd7 31. Rxf7 Kxf7 32. Bxe5 Nxe5 33. Qf4+ Bf6 34.
d6+ Nxc4 35. dxc7 Qd4+ 36. Kh1 Rc8 37. Ng5+ Kg8 38. Nxh3 Qxf4 39. Nxf4 Bxc3 40.
bxc3 Rxc7 41. Ra8+ Kf7 42. Rh8 Rc5 43. Rxh7+ Kf6 44. Rg7 Ne5 45. Rg8 Nf7 46. h7
Rxc3 47. Nd5+ 1-0

[Event "OLNW 1819 SF Hannover - MTV Tostedt"]
[Site "?"]
[Date "2019.02.03"]
[Round "6.6"]
[White "Ploog, Martin"]
[Black "Haerig, Wilfried"]
[Result "0-1"]
[WhiteElo "2092"]
[BlackElo "2094"]
[PlyCount "66"]
[EventDate "2019.??.??"]

1. e4 c5 2. Nf3 g6 3. d4 cxd4 4. Nxd4 Bg7 5. c4 Nc6 6. Be3 Nf6 7. Nc3 Ng4 8.
Qxg4 Nxd4 9. Qd1 Ne6 10. Rc1 Qa5 11. Bd3 b6 12. O-O Bb7 13. f4 Nc5 14. Bb1 d6
15. Rf2 Rc8 16. Nd5 Bxd5 17. exd5 Qa4 18. b3 Qa3 19. Qd2 O-O 20. Re1 Rc7 21. f5
Nd7 22. fxg6 hxg6 23. Bh6 Ne5 24. Bxg7 Kxg7 25. Qf4 Qc5 26. h4 f5 27. Kh2 b5
28. cxb5 Qxd5 29. a4 Rc3 30. Bc2 Qc5 31. Bd1 Nd3 32. Rxe7+ Rf7 33. Rxf7+ Kxf7
0-1

[Event "OLNW 1819 SF Hannover - MTV Tostedt"]
[Site "?"]
[Date "2019.02.03"]
[Round "6.8"]
[White "Witthaus, Joerg"]
[Black "Krueger, Robin Kevin"]
[Result "0-1"]
[WhiteElo "2033"]
[BlackElo "1987"]
[PlyCount "116"]
[EventDate "2019.??.??"]

1. d4 d5 2. c4 e6 3. Nc3 c5 4. cxd5 exd5 5. Nf3 Nc6 6. g3 Nf6 7. Bg2 Be7 8. O-O
O-O 9. Bg5 c4 10. Ne5 Be6 11. b3 h6 12. Bxf6 Bxf6 13. Nxc6 bxc6 14. bxc4 dxc4
15. e3 c5 16. Ne4 cxd4 17. Nxf6+ gxf6 18. exd4 Rc8 19. d5 Bd7 20. Qd2 c3 21.
Qxh6 Re8 22. Rab1 Rc4 23. d6 c2 24. Rbc1 Bf5 25. Bd5 Rc5 26. Qd2 Qa5 27. Qxa5
Rxa5 28. Bb3 Rc5 29. f3 Rd8 30. Kf2 Rxd6 31. Rfe1 Kf8 32. Re3 Rd2+ 33. Re2 Rd4
34. Ke1 Rc3 35. Kf2 a5 36. Re3 Rd2+ 37. Re2 Rd4 38. Re3 Bd3 39. Ke1 Rc5 40.
Rxd3 Rxd3 41. Rxc2 Rxc2 42. Bxc2 Rxf3 43. Ke2 Ra3 44. Bb3 a4 45. Bd5 Rc3 46.
Kd2 Rc5 47. Be4 Kg7 48. Bc2 a3 49. Bb3 Kg6 50. Kd3 f5 51. Kd2 f6 52. Kd3 Kg5
53. Bc4 Kg4 54. Kd4 Re5 55. Kc3 Kh3 56. Kb4 Re4 57. Kc3 Rxc4+ 58. Kxc4 Kxh2 0-1

[Event "OLNW 1819 SK Union Oldenburg - Hamelner"]
[Site "?"]
[Date "2019.02.24"]
[Round "7.1"]
[White "Bode, Wilfried"]
[Black "Bredemeier, Dirk"]
[Result "1/2-1/2"]
[WhiteElo "2340"]
[BlackElo "2279"]
[PlyCount "28"]
[EventDate "2019.??.??"]

1. e4 c5 2. f4 d5 3. Bb5+ Bd7 4. Bxd7+ Qxd7 5. d3 e6 6. Nf3 Nc6 7. O-O O-O-O 8.
Qe2 Bd6 9. c3 Nge7 10. Na3 c4 11. Nc2 cxd3 12. Qxd3 dxe4 13. Qxe4 Nf5 14. b4
Qc7 1/2-1/2

[Event "OLNW 1819 SK Union Oldenburg - Hamelner"]
[Site "?"]
[Date "2019.02.24"]
[Round "7.2"]
[White "Mueer, Sebastian"]
[Black "Tonndorf, Matthias"]
[Result "1-0"]
[WhiteElo "2210"]
[BlackElo "2189"]
[PlyCount "95"]
[EventDate "2019.??.??"]

1. Nf3 c5 2. c4 Nc6 3. Nc3 g6 4. e3 Nf6 5. d4 cxd4 6. exd4 d5 7. cxd5 Nxd5 8.
Qb3 Nxc3 9. Bc4 Nd5 10. Bxd5 e6 11. Bxc6+ bxc6 12. O-O Bg7 13. Be3 O-O 14. Rfc1
Qd6 15. Rc5 Bd7 16. Qc3 f6 17. Nd2 f5 18. g3 f4 19. Ne4 Qc7 20. Bd2 fxg3 21.
hxg3 Rf5 22. Rxf5 gxf5 23. Bf4 Qb6 24. Nc5 Rd8 25. Bg5 Bc8 26. Bxd8 Qxd8 27.
Qb3 Qd6 28. Re1 Kf7 29. Qf3 Bxd4 30. b4 Kg6 31. Qb3 Kf6 32. Re4 a5 33. a3 axb4
34. axb4 Kg6 35. Rh4 Bf6 36. Rh3 Qd2 37. Qf3 h6 38. Qxc6 Bd4 39. Qf3 Qxb4 40.
Qh5+ Kf6 41. Qxh6+ Ke7 42. Qg5+ Ke8 43. Qg8+ Ke7 44. Rh7+ Kd6 45. Qd8+ Kxc5 46.
Qxc8+ Kb5 47. Rb7+ Bb6 48. Qxe6 1-0

[Event "OLNW 1819 SK Union Oldenburg - Hamelner"]
[Site "?"]
[Date "2019.02.24"]
[Round "7.3"]
[White "van Son, Lutz"]
[Black "Wittje, Berthold"]
[Result "0-1"]
[WhiteElo "2164"]
[BlackElo "2222"]
[PlyCount "74"]
[EventDate "2019.??.??"]

1. e4 e5 2. f4 exf4 3. Nf3 d6 4. Bc4 h6 5. h4 Nf6 6. Nc3 Be7 7. d4 O-O 8. Bxf4
Nxe4 9. Nxe4 d5 10. Bd3 dxe4 11. Bxe4 Re8 12. Qd3 f5 13. Qc4+ Kh7 14. Bxc7 Bb4+
15. Kf1 Qe7 16. Bd3 Nc6 17. Bf4 Bd7 18. Qd5 Be6 19. Bxf5+ Bxf5 20. Qxf5+ Kh8
21. Qd3 Rad8 22. c3 Qf7 23. g3 Bd6 24. Bxd6 Rxd6 25. Kg2 Rde6 26. Rhf1 Re3 27.
Qd1 Qd5 28. Rf2 Rf8 29. Qf1 Qe4 30. Re1 Rfxf3 31. Rxf3 Rxe1 32. Qd3 Re2+ 33.
Kf1 Qxd3 34. Rxd3 Rxb2 35. d5 Ne5 36. Re3 Nc4 37. Re8+ Kh7 0-1

[Event "OLNW 1819 SK Union Oldenburg - Hamelner"]
[Site "?"]
[Date "2019.02.24"]
[Round "7.4"]
[White "Meessen, Max"]
[Black "Renner, Kai"]
[Result "1-0"]
[WhiteElo "2214"]
[BlackElo "2195"]
[PlyCount "55"]
[EventDate "2019.??.??"]

1. d4 d5 2. c4 e6 3. Nc3 Nf6 4. cxd5 exd5 5. Bg5 c6 6. e3 Be7 7. Bd3 Nbd7 8.
Qc2 h6 9. Bf4 Nh5 10. Be5 O-O 11. Nf3 f6 12. Bg3 g5 13. Bh7+ Kh8 14. Qg6 Bb4
15. Qxh6 Qe7 16. Bg6+ Kg8 17. Qxh5 Nb6 18. a3 Bxc3+ 19. bxc3 Nc4 20. O-O Be6
21. Rfe1 Qg7 22. e4 dxe4 23. Rxe4 Bd5 24. Re2 Bxf3 25. gxf3 Rad8 26. Rae1 Rd7
27. Re8 Rd8 28. R8e7 1-0

[Event "OLNW 1819 SK Union Oldenburg - Hamelner"]
[Site "?"]
[Date "2019.02.24"]
[Round "7.5"]
[White "Schmidt, Dennis"]
[Black "Schuette, Marc"]
[Result "1/2-1/2"]
[WhiteElo "2062"]
[BlackElo "2058"]
[PlyCount "87"]
[EventDate "2019.??.??"]

1. e4 e6 2. d3 d5 3. Nd2 Nf6 4. Ngf3 Bc5 5. e5 Nfd7 6. g3 Nc6 7. Nb3 Be7 8. d4
a5 9. a4 b6 10. c3 O-O 11. Bd3 f6 12. Qe2 fxe5 13. dxe5 Rxf3 14. Qxf3 Ncxe5 15.
Qe2 Nxd3+ 16. Qxd3 Ne5 17. Qe3 Nc4 18. Qe2 Bf6 19. O-O e5 20. Rd1 Ba6 21. Qg4
Qd6 22. Nd2 Rf8 23. Nxc4 Bxc4 24. Bg5 Bb3 25. Rd2 c5 26. Re1 Kh8 27. Bxf6 gxf6
28. f4 e4 29. Qf5 Qe7 30. Re3 Rd8 31. g4 Rd6 32. h4 Qe6 33. Qh5 d4 34. cxd4
cxd4 35. Rxb3 Qxb3 36. Qe8+ Qg8 37. Qxe4 Qxg4+ 38. Rg2 Qc8 39. Qe7 Qc1+ 40. Kh2
Qxf4+ 41. Kh1 Qf1+ 42. Kh2 Qf4+ 43. Kh1 Qf1+ 44. Kh2 1/2-1/2

[Event "OLNW 1819 SK Union Oldenburg - Hamelner"]
[Site "?"]
[Date "2019.02.24"]
[Round "7.6"]
[White "Wagner, Jan"]
[Black "Gerstmann, Frank"]
[Result "1/2-1/2"]
[WhiteElo "2172"]
[BlackElo "2133"]
[PlyCount "74"]
[EventDate "2019.??.??"]

1. Nf3 Nf6 2. c4 g6 3. b4 d5 4. Na3 Bg7 5. Bb2 O-O 6. g3 a5 7. b5 c6 8. Bg2 Bd7
9. O-O dxc4 10. bxc6 Bxc6 11. Nxc4 Nbd7 12. d3 Nc5 13. Rb1 Na4 14. Ba1 Nd5 15.
Bxg7 Kxg7 16. Qd2 b5 17. Nd4 Be8 18. Nxb5 Rb8 19. Nba3 Nb4 20. Nb2 Qd4 21. Nxa4
Bxa4 22. Nc4 Rfc8 23. Rfc1 Rb5 24. Qb2 Nc2 25. Qxd4+ Nxd4 26. Kf1 Rbc5 27. Rb7
e6 28. e3 Bc2 29. Be4 Rxc4 30. Ke1 Bxd3 31. Rxc4 Bxc4 32. exd4 Bxa2 33. Ra7 Rc4
34. Rxa5 Rxd4 35. Bxg6 Bd5 36. Bh5 Re4+ 37. Kd2 Rd4+ 1/2-1/2

[Event "OLNW 1819 SK Union Oldenburg - Hamelner"]
[Site "?"]
[Date "2019.02.24"]
[Round "7.7"]
[White "Koch, Yannick"]
[Black "Buerckner, Hartmut"]
[Result "1/2-1/2"]
[WhiteElo "2092"]
[BlackElo "2158"]
[PlyCount "84"]
[EventDate "2019.??.??"]

1. d4 Nf6 2. c4 e6 3. Nc3 Bb4 4. Qc2 c5 5. dxc5 Bxc5 6. Nf3 Nc6 7. Bf4 a6 8. e3
O-O 9. Be2 d5 10. Rd1 Qe7 11. O-O dxc4 12. Bxc4 b5 13. Be2 Bb7 14. a3 Rac8 15.
Bg5 Bb6 16. e4 h6 17. Bh4 Qc5 18. Bxf6 gxf6 19. Qd2 Kg7 20. Qf4 Ne5 21. Qg3+
Kh7 22. Qh4 Nxf3+ 23. Bxf3 Qe5 24. Bh5 Bd4 25. Kh1 Bxc3 26. f4 Qxe4 27. Bf3 Qc4
28. Bxb7 Bxb2 29. Bxc8 Rxc8 30. Qh5 Rg8 31. Qxf7+ Rg7 32. Qh5 Bxa3 33. f5 e5
34. Qf3 Bb2 35. Rd8 e4 36. Qf2 e3 37. Qf3 Bc3 38. Rc1 e2 39. Qa8 Rg8 40. Rd7+
Rg7 41. Rd8 Rg8 42. Rd7+ Rg7 1/2-1/2